Ciudades más seguras de Europa - Estadísticas

Estadísticas generales
  • Esta prueba ha sido intentada 109 veces
  • La puntuación promedio es 6 de 20
Estadísticas de respuestas
índice de Criminalidad País Ciudad % Correcto
18,78 Suiza Berna
90%
16,35 Suiza Zurich
84%
17,42 Alemania Munich
76%
21,38 Eslovenia Liubliana
66%
22,23 Croacia Zagreb
65%
22,82 Estonia Tallín
60%
22,45 Islandia Reikiavik
54%
20,42 Suiza Basilea
24%
20,87 Rumanía Cluj Napoca
19%
24,05 Países Bajos Eindhoven
15%
19,43 Eslovenia Maribor
12%
21,99 Finlandia Tampere
10%
24,20 Rumanía Timisoara
9%
21,99 Estonia Tartu
8%
20,07 Noruega Trondheim
8%
23,21 Noruega Stavanger
5%
23,47 Croacia Rijeka
3%
20,94 Países Bajos Groningen
2%
20,28 Italia Trieste
2%
18,78 Rusia Yakutsk
0%
No se encontraron pruebas coincidentes
Distribución de puntuación
Porcentaje de gente con cada puntuación
Porcentaje por número respondido
Historial de tus puntuaciones
No has intentado esta prueba.